| 000 | 00421nam a2200181Ia 4500 | ||
|---|---|---|---|
| 008 | 210210b1950 xxu||||| |||| 00| 0 eng d | ||
| 041 | _aeng | ||
| 082 | _a940/34 | ||
| 100 | _aBROOKS (V W) | ||
| 245 | _aNew England: Indian summer | ||
| 260 |
_aNew York _bE P Dutton & Co., _c1950 |
||
| 650 | _asummer | ||
| 650 | _aNew | ||
| 650 | _aIndian | ||
| 650 | _aEngland: | ||
| 690 | _aEuropean History | ||
| 906 | _a025104 | ||
| 999 |
_c150953 _d150953 |
||